000
00225nam a22001097a 4500
999
_c
260773
_d
260772
020
_a
9780152058807
100
_a
Gary Paulsen
245
_a
Harris and Me
260
_a
USA
_b
Harcourt Inc.
300
_a
157 pgs.
942
_c
BK